00513nam a2200181Ia 4500003000900000008004100009040001300050040001300063041000800076100002200084245011300106250002000219260001700239260000900256300001200265490004600277490000800323IT-RoPAU120407s9999 xx 000 0 und d aIT-RoPAU cIT-RoPAU aita aEmilio De Marchi  aI dintorni di Milano. Demetrio Pianelli. In “Narratori dell’Ottocento e del primo Novecento” Vol IV . aMilano - Napoli aR. Ricciardi c1966 c22,5 cm a La Letteratura Italiana. Storia e Testi v644